Lord Śiva and Buddha in the golden isles : (Record no. 95035)

MARC details
000 -LEADER
fixed length control field 00912nam a22002417a 4500
005 - DATE AND TIME OF LATEST TRANSACTION
control field 20150903121703.0
010 ## - LCCN (DPL NO)
LC control number ENG-113523
020 ## - INTERNATIONAL STANDARD BOOK NUMBER
Terms of availability 3000.00
International Standard Book Number 9788177421309
035 ## - SYSTEM CONTROL NUMBER
System control number EN- 97055
037 ## - SOURCE OF ACQUISITION
Source of stock number/acquisition DBAD/PUB
082 ## - DEWEY DECIMAL CLASSIFICATION NUMBER
Classification number 306.09598
100 ## - MAIN ENTRY--PERSONAL NAME
Personal name Lokesh Chandra
245 ## - TITLE STATEMENT
Title Lord Śiva and Buddha in the golden isles :
Statement of responsibility, etc by Lokesh chandra
Remainder of title in search of classical Indonesia /
260 ## - PUBLICATION, DISTRIBUTION, ETC. (IMPRINT)
Place of publication, distribution, etc New Delhi
Name of publisher, distributor, etc International Academy of Indian Culture and Aditya Prakashan
Date of publication, distribution, etc 2013
270 ## - ADDRESS
Address 2/18, Ansari Road
City New Delhi
Postal code 110002
300 ## - PHYSICAL DESCRIPTION
Extent 417p. :
Dimensions 29cm(Hb)
Other physical details ill.(some col.)
490 ## - SERIES STATEMENT
Series statement Śata-piṭaka series ; v. 642
500 ## - GENERAL NOTE
General note Includes bibliographical references (pages 404-409) and index.
650 ## - SUBJECT ADDED ENTRY--TOPICAL TERM
Topical term or geographic name as entry element Buddhist art and symbolism
Geographic subdivision Indonesia
General subdivision History.
650 ## - SUBJECT ADDED ENTRY--TOPICAL TERM
Topical term or geographic name as entry element Buddhist temples
Geographic subdivision Indonesia.
650 ## - SUBJECT ADDED ENTRY--TOPICAL TERM
Topical term or geographic name as entry element Javanese literature.
942 ## - ADDED ENTRY ELEMENTS (KOHA)
Source of classification or shelving scheme Dewey Decimal Classification
Item type English Books
Call number suffix LOK
Classification part 306.09598
Holdings
Withdrawn status Lost status Not for loan Collection code Home library Current library Date acquired Source of acquisition Cost, normal purchase price Full call number Barcode Copy number Cost, replacement price Koha item type
    Not For Loan Non-fiction D.B.Act.Division D.B.Act.Division 17/07/2015 DBAD/PUB 3000.00 306.09598 LOK EN-97055 1 3000.00 English Books

© Delhi Public Library
Hit Counter
free hit counter